02124agaaa2200325 45000010005000000030009000050050017000140070009000310080040000400400023000800410013001031000055001161300032001712450189002032500022003922600109004143000033005235080146005565110083007025200446007855380016012315460013012476500065012607000069013257000067013947000069014619420012015309990019015429520237015616206IT-RoPAU20220918181256.0d cvaizq50131s9999||||xx ||| | || ||und|| aIT-RoPAUcIT-RoPAU aITALIANO aPiavoli FrancogCodice regista SPICS: 11227951510 aPIANETA AZZURRO (IL)951511 aPIANETA AZZURRO (IL)cProdotto da: Piavoli Franco -- Sceneggiatura: Piavoli Franco Poli Neria -- Diretto da: Piavoli FrancopPIANETA AZZURRO (IL) (Rif. Codice opera principale : 26206) aEdizione Standard a(ITALIA)b11 MARZO CINEMATOGRAFICA / Distribuzione: RAIg"1982 (1° ed.: 1984 ; Ed. Lingua Orig.: 1982)" aVHSbsonoro, col.c90 minuti a"Fotografia: Piavoli Franco; Montaggio: Zamariola Giuliana; Sceneggiatura: Piavoli Franco Poli Neria; Soggetto: Piavoli Franco -- Neria Poli" a"Poli Nenia; Ventimiglia Carlo; Leopardi Giacomo; Agosti Paola; Giglioli Susa" aDOCUMENTARIO ATTENTO DI FENOMENI E MERAVIGLIE DELLA NATURA IL COSMO E' CONTEMPLATO NEL FILM NEI SUOI CONTRASTI DI TENERA BELLEZZA DA UNA PARTE LO SGELO IL FLUIRE DELLE ACQUE LA PIOGGIA LA LUCE IL GERMOGLIARE DELLA VITA I COLORI I FIORI LE MUSICHE RACCOLTE E MISTERIOSE E DALL'ALTRA L'AFFANNARSI LA FATICA L'AVIDITA' LE RISSE L'AGGRESSIVITA' DEI MODERNI MACCHINARI AGRICOLI ILLUSIONI PIANTO SOLITUDINE DELL'ADOLESCENZA E DELLA VECCHIAIA MORTE aPAL, STEREO aITALIANO aDOCUMENTARIOeFILMS [VHS]xCodice MATERIA SPICS: 9960934095 aNeria Poli e(soggetto)gCodice Soggetto 2° SPICS: 30925951512 aPiavoli Franco e(regista)gCodice regista SPICS: 11227951513 aPiavoli Franco e(soggetto)gCodice Soggetto SPICS: 11227951514 cVH2ddc c107301d107301 001040626206_00000000000000071aSPICSbSPICSd2015-01-31l0o26206r2015-01-31 00:00:00w2015-01-31yVHzProgr. Ins.: 1622 / N.Vol.:1 / Copie: 1 / Pag.: / Copia rara: NO / date import: 1.2.2015 / By Epidotti, Trombetti, Vaglietti